Natación deportiva: la técnica y los secretos de los estilos, entrenamiento, saltos
Furkejuvvon:
| Váldodahkki: | |
|---|---|
| Materiálatiipa: | Girji |
| Giella: | espánnjágiella |
| Almmustuhtton: |
Barcelona
Sintes
1964
|
| Preanttus: | 2a. ed |
| Fáttát: | |
| Fáddágilkorat: |
Lasit fáddágilkoriid
Eai fáddágilkorat, Lasit vuosttaš fáddágilkora!
|
MARC
| LEADER | 00000nam a2200000 a 4500 | ||
|---|---|---|---|
| 001 | UCZ0226 | ||
| 003 | CL-VaPUC | ||
| 008 | 950724e19640000SP |||||||||||||||||spa|d | ||
| 082 | 0 | 4 | |a 797.21 |b GOM |2 21 |
| 100 | 0 | |a Gómez Rubio, Alejandro |e author |9 342910 | |
| 245 | 1 | 0 | |a Natación deportiva: la técnica y los secretos de los estilos, entrenamiento, saltos |
| 250 | |a 2a. ed | ||
| 300 | |a 234 p | ||
| 942 | |c BK | ||
| 945 | |d 19950724 00:00:00 |a lriquelm | ||
| 260 | |a Barcelona |b Sintes |c 1964 | ||
| 650 | 7 | |a DEPORTES ACUATICOS |2 CL-VaPUC |9 262007 | |
| 650 | 0 | |a Natación |9 307454 | |
| 650 | 7 | |a ENTRENAMIENTO ATLETICO |2 CL-VaPUC |9 342911 | |
| 650 | 7 | |a SALTOS ORNAMENTALES |2 CL-VaPUC |9 342847 | |
| 650 | 7 | |a REGLAMENTOS |2 CL-VaPUC |9 259254 | |
| 583 | |a last modification |c 19950724 00:00:00 |k Rodrigo Vera | ||
| 999 | |c 237187 |d 237185 | ||
| 952 | |0 0 |1 0 |4 0 |6 797_210000000000000_GOM_1964 |7 0 |8 A |9 246023 |a BIBEDU |b BIBEDU |d 2019-11-18 |i 1541315 |o 797.21 GOM 1964 |p 1541315 |r 2019-11-18 |w 2019-11-18 |y BK |k EDU | ||